| 000 | 00503nam a2200157 a 4500 | ||
|---|---|---|---|
| 001 | 000031905 | ||
| 005 | 20200930063254.0 | ||
| 008 | 110707s1958 dr a r 000 0 spa d | ||
| 040 |
_aDO-SdBNP _bspa _cBNPHU |
||
| 082 |
_axxxx _bI37 |
||
| 100 | 1 |
_aInchaustegui, J. Marino _953793 |
|
| 245 | 1 | 0 |
_aImpresiones de viaje. / _cJ. Marino Inchaustegui. |
| 260 |
_aSanta Cruz de Tenerife, Islas Canarias : _bLitografia A. Romero, _c[1958?]. |
||
| 300 |
_a[28 p.] : _bil. ; _c22 cm. |
||
| 590 | _aInventariado, 2018/BT | ||
| 999 |
_c31396 _d31396 |
||